[Event "18th Reykjavik op"]
[Site "Reykjavik ISL"]
[Date "1998.03.10"]
[Round "1.1"]
[White "Sokolov, Ivan"]
[Black "Richardson, John"]
[Result "1-0"]
[WhiteElo "2625"]
[BlackElo "2315"]
[EventDate "1998.03.10"]
[PlyCount "89"]

1.d4 Nf6 2.c4 e6 3.Nc3 Bb4 4.e3 c5 5.Ne2 cxd4 6.exd4 O-O 7.a3 Be7 8.Nf4 {
Favorite line in repertoire of georgian granmasters.White gets nice 
position with chances for little, but long advantage.} ( 8.d5 $5 ) 8...d5 
9.cxd5 Nxd5 10.Ncxd5 exd5 11.Bd3 Bf6 12.O-O Nc6 {[%csl Rd4,Rd5]} 13.Be3 g6
14.Rc1 {[%cal Gc1c5]} 14...Bg7 {Ussualy Black played 14...i d6, but any 
case they have no too many chances for active game.} ( 14...Qd6 15.Rc5 Be6
16.Nxe6 fxe6 ( 16...Qxe6 17.Bb1 Rad8 18.b4 Rfe8 19.Qd2 Rd7 20.Bc2 Rc8 21.
f4 Re8 22.Bf2 Qd6 $11 {0-1 Kacheishvili,G-Bilalic,M/Wch B20 Medellin 1996 
(45)} ) 17.Qg4 ( 17.Qa4 Nxd4 18.Bxd4 Qf4 19.Qd7 Bxd4 20.Qxe6+ Kh8 21.Rc2 
Rad8 22.g3 Qf3 23.Qe2 Rde8 $11 {1-0 Giorgadze,G-Gomez Esteban,J/Elgoibar 
1997 (45)} ) 17...Rad8 18.Rfc1 Rf7 19.h4 e5 20.h5 e4 21.Bb1 Qd7 22.Qd1 
gxh5 23.Qxh5 Be7 24.R5c3 $14 {E-E Giorgadze,G-Zelcic,R/EU-chTM 1997 (35)} 
) ( 14...Be6 15.Nxe6 fxe6 16.Qg4 Qe7 17.Rfe1 Qf7 18.Bb5 Rac8 19.Bxc6 Rxc6 
20.Rxc6 bxc6 21.b4 Bg7 22.Rc1 $14 {1-0 Giorgadze,G-Yegiazarian,A/Erevan op
1996 (28)} ) 15.Rc5 Ne7 16.Qb3 b6 17.Rc3 {[%cal Gf1c1,Gc3c7]} 17...Bf5 ( 
17...Qd6 $5 18.Rfc1 Bxd4 19.Bxd4 Qxf4 20.Be3 Qd6 21.Rc7 d4 22.Bh6 Be6 23.
Qa4 Rfd8 24.h3 $44 {E-E Paramos,D-Nava,P/Spain-ch Matalascanas 1995 (48)} 
) 18.Ba6 {N/ White chances are slightly better and after} ( 18.Bxf5 Nxf5 
19.Nxd5 Nxd4 20.Bxd4 Bxd4 21.Rd3 Bg7 22.Re1 Qh4 23.g3 Qh3 24.Re4 $14 {1-0 
Paramos,R-Eslon,J/Ibercaja-A 1996 (30) but Sokolov pretends for more.} ) 
18...Qd6 19.Rfc1 Be6 {[%csl Rd4][%cal Ge7f5]} ( 19...Bxd4 20.Bxd4 Qxf4 21.
Be3 Qh4 22.Rc7 $44 ) 20.Ne2 ( 20.Rc7 $5 Nf5 21.R1c6 ( 21.Ne2 Nxe3 22.Qxe3 
Rfe8 23.R1c6 Qd8 $13 ) 21...Nxd4 $1 22.Rxd6 Nxb3 23.Nxe6 fxe6 24.Rxe6 Rf7 
25.Rxf7 Kxf7 26.Rd6 $14 ) 20...Nf5 21.Bf4 ( 21.Rc6 Qe7 22.Rc7 Qh4 $13 ) 
21...Qe7 22.Rc7 $2 ( 22.Qd1 $5 Qh4 23.Qd2 $14 {[%csl Ra7][%cal Gc3c7]} ) 
22...Qh4 {[%csl Rd4]} 23.g3 ( 23.Be5 Nxd4 $1 24.Nxd4 ( 24.Bxd4 Bxd4 25.g3 
Qf6 ) 24...Bxe5 25.Nf3 Qf6 26.Nxe5 Qxe5 $17 ) 23...Qg4 24.Qd3 ( 24.f3 Nxd4
$1 $17 ) ( 24.Be5 $5 Nxd4 25.Bxd4 Bxd4 26.h3 Qe4 27.Bd3 Qe5 ) 24...Nh4 $1 
{[%csl Rf3][%cal Ge6f5,Gf5e4]} 25.Qd1 ( 25.R1c3 Bf5 26.Qd1 Be4 $19 ) 25...
Rfe8 $6 {Richardson lost chance to crashed so strong granmaster as Ivan 
Sokolov. He could easy win after} ( 25...Nf3+ $1 26.Kg2 ( 26.Kh1 Qh3 ( 
26...g5 $5 ) 27.g4 Bxg4 28.R1c3 g5 $1 29.Bg3 Nxd4 $19 ) 26...Qh3+ ( 26...
Bxd4 $5 27.Nxd4 ( 27.Ng1 Nxg1 28.Qxd4 Nf3 $40 ) 27...Qh3+ 28.Kxf3 Bg4+ 29.
Ke3 Bxd1 30.Rxd1 Rfe8+ 31.Kd2 Qxh2 32.Be3 Rxe3 $1 33.Kxe3 Re8+ 34.Kd2 
Qxf2+ 35.Ne2 $15 ) 27.Kxf3 Rfe8 28.Ke3 ( 28.Be5 Bh6 $1 $19 {[%cal Re6g4]} 
) 28...Bc8+ $1 29.Be5 Bxa6 30.Nf4 Qf5 $19 ) 26.Nc3 $5 {Last chance!} ( 26.
R1c3 Nf3+ 27.Kh1 Qh5 28.h4 Nxd4 $1 $19 ) 26...Nf3+ {[%tqu "En","What White
has to do now?","","","d1f3","",8]} 27.Qxf3 $1 {Great! Sokolov found way 
to capture queen in the middle of the board.} ( 27.Kh1 $2 Qh5 28.h4 Bg4 
29.Qd3 Bf5 30.Qf1 ( 30.Qd1 Re1+ 31.Qxe1 Nxe1 32.Rxe1 Qf3+ 33.Kg1 Bh3 34.
Bf1 Bxd4 $19 ) 30...Nxh4 31.gxh4 Qf3+ $19 ) 27...Qxf3 28.Be2 Qxf4 ( 28...
Qxe2 29.Nxe2 Bg4 30.Nc3 Bxd4 31.Nxd5 Bxb2 32.R1c2 $44 ) 29.gxf4 Bh6 ( 
29...Bxd4 30.Bf3 Kg7 31.Rd1 Bxc3 32.Rxc3 Rac8 $15 ) 30.Bb5 ( 30.Bf3 Bxf4 
31.Nxd5 $5 Bxd5 32.Bxd5 Bxc7 33.Bxa8 Bxh2+ 34.Kxh2 Rxa8 35.Rc7 $17 ) 30...
Bxf4 ( 30...Red8 31.Ne2 {[%cal Gb5c6]} ) 31.Bxe8 Rxe8 32.Nd1 $5 Bxc1 33.
Rxc1 {Black won pawn, but it,s still not easy to win game, especially 
after knight will come to e3.} 33...Bg4 $1 34.Ne3 Bf3 35.Rc3 ( 35.Rc7 f5 
$1 36.Rxa7 f4 37.Ng2 ( 37.Nf1 Re1 $19 ) 37...Re4 $19 ) 35...Kg7 $6 {Why 
not} ( 35...Re4 36.Rd3 f5 $19 {?} ) 36.h3 ( 36.Nf5+ $5 gxf5 37.Rxf3 Kf6 
$17 ) 36...Kf6 $2 ( 36...Re4 $5 ) ( 36...h5 $5 ) 37.Kh2 Ke6 $2 ( 37...Be4 
$1 38.Kg3 Ke6 $15 ) 38.Rc6+ $1 Ke7 ( 38...Kd7 39.Rf6 Be4 40.Rxf7+ Re7 41.
Rxe7+ Kxe7 42.Kg3 Ke6 43.Kf4 $14 ) 39.Kg3 Be4 $2 ( 39...Kd7 $1 40.Rc3 Be4 
41.f3 Bf5 42.Nxd5 Kd6 $11 ) 40.Rc7+ Kf6 $6 ( 40...Ke6 $5 41.Rxa7 Rc8 $14 )
41.Rxa7 h5 42.Rb7 $18 Re6 43.f3 h4+ 44.Kg2 Bf5 45.Rxb6 $1 1-0

[Event "18th Reykjavik op"]
[Site "Reykjavik ISL"]
[Date "1998.03.10"]
[Round "1.2"]
[White "Halldorsson, Bragi"]
[Black "Miles, Richard"]
[Result "1/2-1/2"]
[WhiteElo "2285"]
[BlackElo "2595"]
[EventDate "1998.03.10"]
[PlyCount "108"]

1.d4 e6 2.c4 b6 3.a3 g6 4.e4 Bg7 5.Nc3 Ne7 6.Be3 d5 7.cxd5 exd5 8.e5 O-O 
9.f4 c5 10.Nf3 Nbc6 11.Bb5 Bg4 12.O-O Nf5 13.Bxc6 Nxe3 14.Qd3 Nxf1 15.Bxa8
c4 16.Qxf1 Qxa8 17.h3 Bf5 18.Qf2 Qc6 19.Re1 f6 20.exf6 Bxf6 21.Ne5 Qd6 22.
g4 Bc8 23.Qg2 Bb7 24.Nb5 Qd8 25.Nxa7 Bh4 26.Rf1 Qe8 27.g5 Qa4 28.Qg4 Qxa7 
29.Qxh4 Bc8 30.Re1 Qc7 31.Qg3 Bf5 32.Kh2 b5 33.Qe3 Kg7 34.Kg3 h5 35.gxh6+ 
Kxh6 36.Ng4+ Kg7 37.Qe5+ Qxe5 38.Rxe5 Rb8 39.Rxd5 b4 40.axb4 Rxb4 41.Rc5 
Rb8 42.d5 Rxb2 43.Rc7+ Kf8 44.d6 Re2 45.Rxc4 Rd2 46.Rc6 Rd3+ 47.Kh4 Ke8 
48.Rb6 Kf8 49.Kg5 Kg7 50.Ra6 Rd2 51.Ne3 Bxh3 52.f5 Bxf5 53.Nxf5+ gxf5 54.
Kxf5 Kf7 1/2-1/2

[Event "18th Reykjavik op"]
[Site "Reykjavik ISL"]
[Date "1998.03.10"]
[Round "1.3"]
[White "Hansen, Curt"]
[Black "Olsen, Heini"]
[Result "1/2-1/2"]
[WhiteElo "2595"]
[BlackElo "2270"]
[EventDate "1998.03.10"]
[PlyCount "41"]

1.c4 Nf6 2.Nc3 g6 3.g3 Bg7 4.Bg2 O-O 5.d4 c6 6.e4 d6 7.Nf3 Nbd7 8.O-O e5 
9.h3 Re8 10.Re1 Qb6 11.b3 a5 12.Be3 exd4 13.Nxd4 Nc5 14.Rb1 Bd7 15.Nf5 
gxf5 16.Qxd6 Qb4 17.Bxc5 Qxc3 18.Bd4 Qb4 19.Bc5 Qc3 20.Bd4 Qb4 21.Bc5 
1/2-1/2

[Event "18th Reykjavik op"]
[Site "Reykjavik ISL"]
[Date "1998.03.10"]
[Round "1.5"]
[White "Nijboer, Friso"]
[Black "Lehikoinen, Pertti"]
[Result "1-0"]
[WhiteElo "2580"]
[BlackElo "2250"]
[EventDate "1998.03.10"]
[PlyCount "51"]

1.e4 c5 2.Nf3 d6 3.d4 cxd4 4.Nxd4 Nf6 5.f3 e5 6.Nb3 Be6 7.c4 Qc7 8.Be3 
Nbd7 9.N3d2 Be7 10.Nc3 O-O 11.Be2 Ne8 12.O-O b6 13.Nd5 Qd8 14.Nxe7+ Qxe7 
15.Nb1 Rc8 16.b3 Nc5 17.Nc3 f6 18.b4 Na6 19.Nd5 Qb7 20.Qa4 Nb8 21.Rac1 Rf7
22.Rfd1 Rd7 23.c5 dxc5 24.bxc5 Bxd5 25.Rxd5 bxc5 26.Ba6 1-0

[Event "18th Reykjavik op"]
[Site "Reykjavik ISL"]
[Date "1998.03.10"]
[Round "1.7"]
[White "Agdestein, Simen"]
[Black "Bjornsson, Bjorn Freyr"]
[Result "1-0"]
[WhiteElo "2570"]
[BlackElo "2240"]
[EventDate "1998.03.10"]
[PlyCount "81"]

1.d4 Nf6 2.c4 c5 3.d5 e6 4.Nc3 exd5 5.cxd5 d6 6.e4 g6 7.Bf4 a6 8.Nf3 b5 9.
Qe2 Nh5 10.Bg5 Be7 11.Bh6 Bf8 12.Qe3 Bxh6 13.Qxh6 b4 14.Nd1 Qe7 15.Bd3 Bg4
16.Nd2 Bxd1 17.Rxd1 Qf6 18.O-O Qf4 19.Qxf4 Nxf4 20.Nc4 Ke7 21.Rfe1 f6 22.
Bf1 g5 23.Ne3 h5 24.Ra1 Kd8 25.a3 Nd7 26.axb4 cxb4 27.Bxa6 Nc5 28.Bb5 Kc7 
29.Bc6 Rxa1 30.Rxa1 Ne2+ 31.Kf1 Nd4 32.f3 b3 33.Ra7+ Kb6 34.Rf7 Nxc6 35.
Nc4+ Ka6 36.dxc6 Rc8 37.c7 Nb7 38.Ke2 Kb5 39.Ne3 Nc5 40.Nd5 Na4 41.Rd7 1-0

[Event "18th Reykjavik op"]
[Site "Reykjavik ISL"]
[Date "1998.03.10"]
[Round "1.8"]
[White "Bjornsson, Tomas"]
[Black "Kindermann, Stefan"]
[Result "1/2-1/2"]
[WhiteElo "2235"]
[BlackElo "2565"]
[EventDate "1998.03.10"]
[PlyCount "91"]

1.d4 f5 2.c4 Nf6 3.Nf3 g6 4.g3 Bg7 5.Bg2 O-O 6.O-O d6 7.Nc3 Qe8 8.d5 Na6 
9.Be3 c6 10.Qd2 Ng4 11.Nd4 $6 $146 ( 11.Bd4 $6 Bh6 ( 11...Ne5 $5 ) ) ( 11.
Bf4 {Kallai,G} 11...e5 $1 ( 11...Ne5 $2 12.Nxe5 dxe5 13.Bh6 {i 14.ig7 ig7 
15.i e3 e4 16.f3i} ) 12.dxe6 Bxe6 13.b3 Rd8 14.Nd4 Nc5 15.Rae1 $5 d5 $1 
16.Nxe6 Nxe6 17.cxd5 g5 $1 {Kallai,G-Gurevich,M/Montpellier 1993/1-0(42)} 
) 11...Bd7 12.h3 Nxe3 13.Qxe3 Nc7 14.Qd2 c5 15.Nf3 a6 $15 {[%cal Gb7b5]} 
16.a4 b5 17.axb5 axb5 18.cxb5 Rb8 $5 ( 18...Nxb5 $15 ) 19.Ra7 Nxb5 20.Nxb5
Rxb5 {[%csl Rb2] ib Black's advantage became obvious:pressure on b-file 
and on ia1-h8-white has no answer on it.Only plan for white to open the 
center by e2-e4.} 21.Rb1 Qc8 {[%cal Gf8d8,Yc8b8]} 22.Qc2 Rd8 23.Ng5 Qb8 
24.Ra2 Qb6 ( 24...Bf6 $5 25.h4 {[%cal Ge2e4]} ( 25.Ne6 Bxe6 26.dxe6 d5 $17
) ) 25.Ne6 $2 ( 25.e4 $1 Rb4 $1 ( 25...Rb8 26.exf5 Bxf5 27.Be4 Bd7 28.Bxg6
$1 hxg6 29.Qxg6 $40 ) ( 25...Bf6 26.Ne6 Bxe6 27.dxe6 fxe4 28.Bxe4 Kg7 ( 
28...d5 29.Bxg6 hxg6 30.Qxg6+ $11 ) 29.Bd5 $1 ) 26.exf5 Bxf5 27.Qe2 $140 
h6 28.Ne4 {[%cal Gg3g4]} 28...g5 ) 25...Bxe6 26.dxe6 d5 27.Qa4 c4 28.Rd1 
Kf8 {[%csl Ge8]} ( 28...Bxb2 $6 29.Rxd5 Rbxd5 30.Bxd5 Be5 31.Qxc4 Bxg3 32.
e4 $1 ) 29.Qa8 Bxb2 30.Qa4 Bf6 31.Rad2 {And now Kindermann is missing the 
simple win.} 31...c3 $4 ( 31...Ra5 32.Qc2 Qxe6 $19 ) 32.Rxd5 $11 Rbxd5 33.
Bxd5 Rb8 34.Qc2 Qc5 35.Bb3 Qb5 36.Rb1 Rd8 37.Rd1 Rd2 38.Rxd2 cxd2 39.Qc8+ 
Kg7 40.Bd1 Qb1 41.Qc2 Qb4 42.Qb3 Qd6 43.Qd3 Qb4 ( 43...Qxd3 44.exd3 Bc3 
45.Kf1 Kf6 46.Bb3 Ke5 47.Ke2 $11 {[%cal Gh3h4]} ) 44.Qb3 Qa5 45.Qa4 Qb6 
46.Qb3 1/2-1/2

[Event "18th Reykjavik op"]
[Site "Reykjavik ISL"]
[Date "1998.03.10"]
[Round "1.9"]
[White "Gausel, Einar"]
[Black "Finnlaugsson, Gunnar"]
[Result "1-0"]
[WhiteElo "2555"]
[BlackElo "2215"]
[EventDate "1998.03.10"]
[PlyCount "61"]

1.c4 Nf6 2.Nf3 c5 3.Nc3 g6 4.d4 cxd4 5.Nxd4 Bg7 6.Nc2 O-O 7.g3 Nc6 8.Bg2 
d6 9.O-O Qa5 10.Bd2 Qh5 11.e4 Bg4 12.f3 Be6 13.Nd5 Bxd5 14.cxd5 Ne5 15.Ne3
Nfd7 16.g4 Qh4 17.Be1 Qh6 18.f4 f6 19.g5 fxg5 20.fxe5 Bxe5 21.Ng4 Rxf1+ 
22.Bxf1 Qg7 23.Nxe5 Qxe5 24.Qe2 Nf6 25.Bg2 g4 26.Bc3 Qg5 27.e5 dxe5 28.
Bxe5 Nd7 29.Bc3 Nf8 30.Rf1 h5 31.Qe4 1-0

[Event "18th Reykjavik op"]
[Site "Reykjavik ISL"]
[Date "1998.03.10"]
[Round "1.10"]
[White "Fridjonsson, Julius"]
[Black "Stefansson, Hannes Hlifar"]
[Result "1/2-1/2"]
[WhiteElo "2215"]
[BlackElo "2540"]
[EventDate "1998.03.10"]
[PlyCount "74"]

1.c4 e5 2.Nc3 Nc6 3.g3 g6 4.Bg2 Bg7 5.d3 d6 6.Rb1 a5 7.a3 Nf6 8.b4 axb4 9.
axb4 O-O 10.b5 Ne7 11.Qb3 Rb8 12.Nf3 h6 13.O-O Be6 14.Bb2 Qd7 15.Rfd1 Bh3 
16.Bh1 Ng4 17.d4 Qe6 18.dxe5 dxe5 19.Ba3 Rfe8 20.e4 f5 21.b6 c6 22.Rd6 Qf7
23.Rbd1 f4 24.Bg2 Bxg2 25.Kxg2 fxg3 26.hxg3 g5 27.Rd7 Nxf2 28.Kxf2 g4 29.
Ne2 c5 30.Bxc5 gxf3 31.Ng1 Rbc8 32.Rc7 Bf8 33.Nxf3 Rxc7 34.bxc7 Nc6 35.
Bxf8 Rxf8 36.Kg2 Qxc7 37.c5+ Qf7 1/2-1/2

[Event "18th Reykjavik op"]
[Site "Reykjavik ISL"]
[Date "1998.03.10"]
[Round "1.11"]
[White "Rausis, Igors"]
[Black "Rasmussen, Rogvi"]
[Result "1-0"]
[WhiteElo "2520"]
[BlackElo "2115"]
[EventDate "1998.03.10"]
[PlyCount "59"]

1.e4 e5 2.Nf3 Nc6 3.Bb5 a6 4.Bxc6 dxc6 5.O-O Bd6 6.Na3 Be6 7.Qe2 f6 8.c3 
c5 9.Rd1 Bg4 10.h3 Bxf3 11.Qxf3 Ne7 12.d4 cxd4 13.cxd4 exd4 14.Bf4 Qd7 15.
Nc2 Nc6 16.Rac1 Rd8 17.Qb3 Qc8 18.Bg3 Bc5 19.Ne1 Bd6 20.f4 h5 21.Nf3 Bf8 
22.Bf2 Bc5 23.e5 fxe5 24.fxe5 Be7 25.Nxd4 Nxd4 26.Rxd4 Rxd4 27.Bxd4 c6 28.
Rd1 Rf8 29.e6 Qc7 30.Qd3 1-0

[Event "18th Reykjavik op"]
[Site "Reykjavik ISL"]
[Date "1998.03.10"]
[Round "1.12"]
[White "Bjornsson, Sigurbjorn"]
[Black "Davies, Nigel"]
[Result "0-1"]
[WhiteElo "2210"]
[BlackElo "2515"]
[EventDate "1998.03.10"]
[PlyCount "60"]

1.e4 c5 2.Nf3 e6 3.d4 cxd4 4.Nxd4 a6 5.c4 Nf6 6.Bd3 Nc6 7.Be3 Qc7 8.Nxc6 
dxc6 9.O-O e5 10.f3 Nd7 11.Kh1 Bc5 12.Bxc5 Nxc5 13.Nc3 O-O 14.b4 Ne6 15.
Qc1 a5 16.b5 Qe7 17.Rd1 Rd8 18.Bf1 Bd7 19.Na4 Rab8 20.Qc3 Nd4 21.Nb6 Qb4 
22.Qxb4 axb4 23.bxc6 bxc6 24.c5 Be6 25.Bc4 Rxb6 26.Bxe6 Rb5 27.Bb3 Rxc5 
28.f4 exf4 29.Rd2 Rc3 30.Rf1 g5 0-1

[Event "18th Reykjavik op"]
[Site "Reykjavik ISL"]
[Date "1998.03.10"]
[Round "1.13"]
[White "Djurhuus, Rune"]
[Black "Edvardsson, Kristjan"]
[Result "1-0"]
[WhiteElo "2510"]
[BlackElo "2205"]
[EventDate "1998.03.10"]
[PlyCount "73"]

1.Nf3 Nf6 2.d4 e6 3.Bg5 c5 4.e3 Be7 5.Nbd2 cxd4 {A somewhat premature 
exchange.} ( {More flexible is} 5...b6 ) 6.exd4 Qc7 $6 {Black ignores 
development.} ( 6...O-O 7.Bd3 d6 8.O-O a5 9.Re1 b6 10.c3 Ba6 11.Bc2 Nbd7 
12.a4 Rb8 13.Nf1 b5 14.axb5 Bxb5 15.Bc1 Qc7 16.Ne3 Rfc8 17.h3 Ra8 18.Bd2 
Bc6 19.Ng4 Qb7 20.Bc1 Be4 21.Nxf6+ Nxf6 22.Bxe4 Nxe4 23.Re2 Nf6 24.Bg5 Qb5
25.Bxf6 Bxf6 26.Ra4 Rab8 27.Ra2 Ra8 $11 {E,Averkin,O-Tzoumbas,A/Aegina 
op/1995/} ) ( 6...d6 7.c3 Nbd7 8.Bd3 b6 9.O-O ( 9.Ne4 Bb7 10.Bxf6 gxf6 11.
Qe2 Rc8 12.Ba6 Bxa6 13.Qxa6 d5 14.Ng3 O-O 15.Qe2 Kh8 16.O-O Rg8 17.a4 a5 
18.Ne1 Bd6 19.Nd3 f5 20.f4 Nf6 21.Ne5 Rc7 22.Rf3 Ne4 $15 {
Kagan,N-Solomon,S/AUS-ch Melbourne/1991/} ) ( 9.Nc4 Bb7 10.Qe2 Qc7 11.O-O 
O-O 12.Rfe1 Rfe8 13.Rad1 Nf8 14.Bc1 Nd5 15.Ng5 $6 b5 16.Na3 b4 17.cxb4 
Nxb4 18.Qh5 Bxg5 19.Bxg5 Nxd3 20.Rxd3 Qa5 $15 {Torre 
Repetto,C-Lasker,E/Moscow/1925/} ) 9...Bb7 10.Qe2 O-O 11.Ne1 Re8 12.f4 e5 
$5 13.Nc2 e4 14.Bb5 a6 15.Ba4 b5 16.Bb3 Nb6 17.Ne3 h6 18.Bxf6 Bxf6 19.Qh5 
d5 20.Rae1 Nc4 $13 {Bobrowska,M-Bojkovic,N/Erevan olw/1996/} ) ( 6...b6 $5
7.c3 O-O 8.Bd3 Ba6 $1 9.Bxa6 Nxa6 10.Qe2 Nc7 11.Bxf6 Bxf6 12.a4 d6 13.O-O 
g6 14.g3 $11 {E,Seirawan,Y-Sax,G/Rotterdam WCup/1989/} ) 7.Bd3 b6 8.O-O 
Bb7 9.Re1 d6 10.c4 $32 O-O 11.Rc1 Re8 $6 ( 11...Nbd7 $142 12.d5 Nc5 13.Bb1
$36 ) 12.d5 $1 {The beginning of a forceful plan, which yields White 
strong i pressure.} 12...e5 $8 ( 12...exd5 $2 13.Bxf6 gxf6 14.Nd4 $18 ) 
13.Nd4 $1 Nbd7 ( 13...exd4 14.Bxf6 Na6 ( 14...gxf6 15.Qh5 f5 16.Bxf5 Kg7 
17.Qxh7+ Kf6 18.Ne4+ Ke5 19.Ng3+ Kf4 20.Re4+ Kg5 21.Qh4# ) 15.Bxd4 $16 ) (
13...g6 14.Qf3 ( 14.Nf5 $5 gxf5 15.Bxf5 Nbd7 16.Rc3 $40 ) 14...Nbd7 15.Nc6
$16 ) 14.Nf5 Bd8 ( 14...Bf8 15.Qf3 $36 ) 15.Qf3 Bc8 16.Rc3 {White's piece 
play against Black's i is very dangerous.} ( 16.Bb1 $5 $36 ) ( 16.Qg3 Nc5 
17.Nxg7 $5 Kxg7 18.Bxf6+ Kxf6 19.Qh4+ Kg7 20.Qxh7+ $44 Kf8 21.Qh6+ Ke7 22.
Bb1 $44 {[%cal Rf2f4,Rb2b4,Yh6g7,Yh2h8] if4,b4,i g7,ih} ) 16...e4 $2 {An 
attempt to confuse White, which unexpectedly works.} ( 16...Nc5 $142 $14 )
17.Qg3 $2 {White panics.} ( 17.Nxe4 $143 Ne5 18.Qh3 $142 $1 ( 18.Nxf6+ 
Bxf6 19.Rxe5 ( 19.Qg3 Nf3+ $19 ) 19...Bxe5 $15 ) ( 18.Qg3 Nxe4 19.Bxe4 
Bxf5 20.Bxd8 Raxd8 21.Bxf5 Nf3+ $19 ) 18...Bxf5 19.Qxf5 Nxd3 20.Bxf6 $1 ( 
20.Rxd3 Rxe4 21.Rxe4 Nxe4 22.Bxd8 Qxc4 $19 ) 20...Bxf6 $1 ( 20...Nxe1 21.
Qg5 Bxf6 ( 21...g6 $2 22.Qh6 $18 ) 22.Nxf6+ Kf8 ( 22...Kh8 23.Rg3 Rg8 24.
Nxh7 $1 f6 25.Qh4 $18 ) 23.Nxh7+ $11 Kg8 24.Nf6+ Kf8 25.Rh3 Re5 26.Nd7+ 
Kg8 27.Nxe5 dxe5 28.Qh5 $18 ) 21.Rxd3 Bxb2 22.Rde3 Re5 23.Ng5 g6 $11 ) ( 
17.Bxe4 $142 $1 Ne5 18.Qg3 $5 ( 18.Qh3 Nxe4 19.Nxe4 $40 ) 18...Nxe4 19.
Bxd8 Nxg3 20.Nh6+ $1 gxh6 ( 20...Kh8 21.Bxc7 ) 21.Rxg3+ Kf8 22.Bxc7 $18 ) 
17...exd3 18.Rcc1 {[%cal Rg5f6] iif6+-} 18...Rxe1+ 19.Rxe1 Nf8 $4 {The 
final blunder, now the attack breaks through after all.} ( {The right move
was} 19...Ne5 20.Nxg7 ( 20.Nh6+ Kf8 $19 ) ( 20.Bh6 Nh5 21.Qh3 g6 $19 ) 
20...Kxg7 21.Bxf6+ Kxf6 22.Ne4+ Ke7 ( 22...Kf5 $2 23.Qg7 $18 {i} ) 23.Qg5+
Kf8 24.Qh6+ Kg8 25.Nxd6 ( 25.Re3 Bf5 $19 ) 25...d2 $19 ) 20.Nxg7 $1 $40 {
And Black is in big trouble again!} 20...Kxg7 $6 {Should have led to mate,
but the alternatives are also dreary.} ( 20...Ng6 21.Ne8 Nh5 22.Nxc7 Nxg3 
23.Re8+ Kg7 24.Rxd8 $18 ) ( 20...Ng4 21.Ne8 Qd7 22.Bxd8 Qxd8 23.f3 $18 ) (
20...Kh8 21.Ne8 Nxe8 22.Rxe8 Bxg5 23.Qxg5 Bb7 24.Qf6+ Kg8 25.Re7 $18 ) 21.
Bxf6+ Kxf6 22.Ne4+ Ke7 ( 22...Kf5 23.Qg7 $5 ( 23.Nxd6+ $18 ) 23...Bh4 ( 
23...Ng6 24.Ng3+ Kg5 25.h4+ Kxh4 26.Qh6+ Kg4 27.Re4+ $18 ) 24.g4+ Kf4 25.
Qh6+ Kxg4 26.f3+ Kxf3 27.Rf1+ Kg4 ( 27...Kxe4 28.Qf4# ) 28.Nf6+ Bxf6 29.
Rf4# ) 23.Qg5+ Kd7 ( 23...f6 24.Qg7+ Ke8 25.Nxd6# ) ( 23...Ke8 24.Nf6# ) 
24.Qf5+ Ke7 ( 24...Ne6 25.Qxf7+ Be7 26.Nf6+ $18 ) 25.Qf6+ $2 ( {Simpler 
was} 25.Ng5+ Be6 26.Qxf7# ) 25...Ke8 26.Nxd6+ Kd7 27.Qxf7+ Kxd6 28.Qxf8+ 
Qe7 $8 ( 28...Kd7 29.Qf5+ Kd6 30.Qe5+ Kc5 ( 30...Kd7 31.Qe6# ) 31.d6+ $18 
) ( 28...Be7 29.Qf4+ Kd7 30.Rxe7+ $18 ) 29.Rxe7 Bxe7 30.Qf4+ Kd7 31.Qf5+ 
Kd6 ( 31...Kd8 $142 32.Qxd3 $18 ) 32.Qxd3 $18 {[%csl Rd6] With a mobile i 
+4i against Black's undeveloped forces and weak i the game is over.In fact
its difficult to find a move which doesn't lose immediately.} 32...Bb7 ( 
32...Kd7 33.Qxh7 $18 ) ( 32...Ba6 $2 33.Qa3+ ) ( 32...Bd7 $2 33.Qg3+ Kc5 
34.Qc7+ ) 33.Qg3+ Kd7 34.Qg4+ Ke8 $6 ( 34...Kc7 35.Qe6 Bd6 36.Qf7+ Kc8 37.
Qxh7 $18 ) 35.Qg8+ Bf8 ( 35...Kd7 36.Qe6+ Kd8 37.d6 Bf8 38.Qf7 $18 ) 36.
Qe6+ Kd8 37.Qf7 1-0

[Event "18th Reykjavik op"]
[Site "Reykjavik ISL"]
[Date "1998.03.10"]
[Round "1.14"]
[White "Gunnarsson, Arnar"]
[Black "Mortensen, Erling"]
[Result "1/2-1/2"]
[WhiteElo "2195"]
[BlackElo "2510"]
[EventDate "1998.03.10"]
[PlyCount "200"]

1.c4 e5 2.Nc3 d6 3.Nf3 g6 4.g3 Bg7 5.Bg2 Nf6 6.O-O O-O 7.d3 Re8 8.Bd2 c6 
9.Qc1 d5 10.Bg5 dxc4 11.dxc4 Nbd7 12.Rd1 Qc7 13.h3 Nc5 14.Qe3 Nfd7 15.Bh6 
Bh8 16.Ng5 Ne6 17.Nxe6 Rxe6 18.Ne4 Nf6 19.Qd2 Re8 20.Nd6 Re7 21.a4 a5 22.
Ra3 Be6 23.Rd3 Nd7 24.Qe3 Bg7 25.Bxg7 Kxg7 26.f4 f6 27.Rb3 Rb8 28.Qa7 exf4
29.gxf4 Nf8 30.e4 Rd7 31.e5 fxe5 32.fxe5 Bxc4 33.Rc3 Bg8 34.Qd4 Ne6 35.
Ne8+ Rxe8 36.Qxd7+ Re7 37.Qxc7 Nxc7 38.Rc5 Nd5 39.Rxa5 Rxe5 40.Bxd5 Bxd5 
41.Ra7 Re7 42.a5 Bc4 43.Rc1 Bb5 44.a6 Bxa6 45.Rxc6 Bd3 46.Rc3 Bb5 47.Ra1 
Bc6 48.Rc2 Re3 49.Kh2 h5 50.Rg1 Kh6 51.Rg3 Re5 52.Rg1 h4 53.Rg4 g5 54.Rgc4
Re6 55.Rc5 Rd6 56.R5c3 Kh5 57.Rc5 Kg6 58.R5c3 Kf6 59.Rf2+ Ke7 60.Re3+ Kd8 
61.Ree2 Kc7 62.Rd2 Rg6 63.Rf5 g4 64.hxg4 Rxg4 65.Kh3 Rb4 66.Rf7+ Kb6 67.
Rh7 Rf4 68.Rxh4 Rf3+ 69.Kg4 Rf1 70.Kg5 Kb5 71.Rf4 Re1 72.Kf6 Re8 73.Rff2 
Kc5 74.Rc2+ Kb6 75.Rfe2 Rd8 76.Ke5 Rd5+ 77.Ke4 Rh5+ 78.Kd4 Rh4+ 79.Ke3 
Re4+ 80.Kd3 Rh4 81.Re3 Rh1 82.Kc3 Rh4 83.Rd2 Rh1 84.Rd4 Rc1+ 85.Kb3 Rh1 
86.Rc4 Rh2 87.Kb4 Rh5 88.Rg3 Rh1 89.Rb3 Rh5 90.Rf4 Kc7 91.Rf7+ Kb6 92.Kc4+
Ka7 93.Ra3+ Kb6 94.Rf4 Rc5+ 95.Kd3 Rh5 96.Rc3 Rh3+ 97.Kc4 Rh5 98.b4 Rg5 
99.Rh3 Bd5+ 100.Kc3 Bc6 1/2-1/2

[Event "18th Reykjavik op"]
[Site "Reykjavik ISL"]
[Date "1998.03.10"]
[Round "1.15"]
[White "Olafsson, Helgi"]
[Black "Halldorsson, Jon Arni"]
[Result "1-0"]
[WhiteElo "2505"]
[BlackElo "2185"]
[EventDate "1998.03.10"]
[PlyCount "63"]

1.Nf3 d5 2.d4 Nf6 3.c4 c6 4.Nc3 dxc4 5.a4 Bf5 6.e3 e6 7.Bxc4 Bb4 8.O-O O-O
9.Qe2 Nbd7 10.e4 Bg6 11.Bd3 Qa5 12.Bf4 Rfe8 13.Rfc1 Rac8 ( 13...Nh5 14.Be3
e5 15.d5 Nf4 16.Bxf4 exf4 17.dxc6 bxc6 18.Na2 Bh5 19.Nxb4 Qxb4 20.Qd2 {E-E
Christiansen,L-Smyslov,V/Portoroz/Ljubljana 1985} ) 14.Na2 Bf8 15.h3 c5 
16.dxc5 Bxc5 17.Rc4 Bf8 18.Rac1 Rxc4 19.Rxc4 e5 20.Be3 Nb8 $2 {Der 
Springer erhaelt den ersehnten Stuetzpunkt auf c6 nicht.} ( 20...b5 $5 21.
Bd2 Qa6 {ist zum Ausgleich ausreichend.} ) 21.Bd2 Qd8 22.b4 Nfd7 ( 22...
Nc6 23.Bc3 $16 ) 23.Be3 a6 24.Qc2 Bd6 25.b5 f6 26.Rc3 Bf7 27.Bc4 Qe7 ( 
27...Bxc4 28.Rxc4 Nf8 {sieht sinnvoller aus.} ) 28.Nd2 Be6 ( 28...Nf8 $5 )
29.Rd3 Nf8 30.Nc3 Bxc4 $2 31.Nxc4 Bc5 32.Nd5 1-0